00405nam a2200157Ia 4500008004100000020001800041082001700059100001700076245004800093250000600141260003000147300001800177500002400195650001200219700001600231230524s9999 xx 000 0 und d a9788181287144 a629.892bSCI aL.Sciavicco  0aModelling and Control of Robot Manipulators a1 aNew DelhibSpringerc2007 a"XXIII,371p;" aQuantity Number: 1 aComp-Sc aB.Siciliano